00466nam a22001217a 4500003000200000005001700002008004100019050002200060245012600082260008500208300002500293500002600318020221117100523.0221117b xxu||||| |||| 00| 0 eng d aHF5381b.T39 2020 aGrit and self efficacy as predictors of academic performance among college students at SISCcAngela Patricia Tayag et.al. aLas Pinas City, PhilippinesbSouthville International School and CollegescC2020 a64pp.c28cm.fTheses aAcademic performance.